000 00789nam a2200253 i 4500
003 DO-SdBNP
005 20230614093741.0
007 ta
008 230601b2002 sp ||||| |||| 00| 0 spa d
020 _a8484323153
040 _aDO-SdBNP
_bspa
_cBNPHU
_erda
082 4 _222
100 _aWarburton, Nigel,
_eautor
_983492
245 1 3 _aLa caverna de Platón y otras delicias de la filosofía /
_cNigel Warburton ; traducción, Antonio Desmonts
264 4 _aBarcelona :
_bAres y Mares,
_c2002.
300 _a252 páginas ;
_c23 cm.
336 _2rdacontent
_atexto
_btxt
337 _2rdamedia
_asin mediación
_bn
338 _2rdacarrier
_avolumen
_bnc
590 _aInventariado, 2023/BT
700 1 _aDesmonts, Antonio,
_etraducción
_969986
910 _aBtavárez
942 _2ddc
_cLBS1
999 _c53688
_d53688